| 000 | 01250cam a22003134a 4500 | ||
|---|---|---|---|
| 001 | 12478962 | ||
| 005 | 20160712113847.0 | ||
| 008 | 010723s2002 nyu be 001 0 eng | ||
| 010 | _a 2001040620 | ||
| 020 | _a0816040753 (hardcover : alk. paper) | ||
| 040 |
_aDLC _cDLC _dDLC |
||
| 042 | _apcc | ||
| 043 | _an-us--- | ||
| 050 | 0 | 0 |
_aLC4704.5 _b.T86 2002 |
| 082 | 0 | 0 |
_a371.9/03 _221 |
| 100 | 1 | _aTurkington, Carol. | |
| 245 | 1 | 4 |
_aThe encyclopedia of learning disabilities / _cCarol Turkington, Joseph R. Harris ; American Bookworks. |
| 260 |
_aNew York : _bFacts on File, _cc2002. |
||
| 300 |
_axii, 304 p. ; _c25 cm. |
||
| 440 | 4 | _aThe Facts on File library of health and living | |
| 504 | _aIncludes bibliographical references (p. 281-284) and index. | ||
| 650 | 0 |
_aLearning disabilities _vEncyclopedias. |
|
| 650 | 0 |
_aLearning disabled _xEducation _zUnited States _vEncyclopedias. |
|
| 700 | 1 |
_aHarris, Joseph, _d1951 December 20- |
|
| 710 | 2 | _aAmerican BookWorks Corporation. | |
| 906 |
_a7 _bcbc _corignew _d1 _eocip _f20 _gy-gencatlg |
||
| 942 |
_2lcc _cBOOKS _hLC 4704.5 .T86 2001 |
||
| 999 |
_c11778 _d11778 |
||